[Event "ZMDI Open 2018"]
[Site "Dresden"]
[Date "2018.08.09"]
[Round "6.5"]
[White "Khenkin, Igor"]
[Black "Ashwath, R."]
[Result "1-0"]
[WhiteElo "2566"]
[BlackElo "2288"]
[Annotator "TA"]
[PlyCount "113"]
[EventDate "2018.08.04"]
[EventType "swiss"]
[EventCountry "GER"]
[SourceTitle "playchess.com"]
[Source "ChessBase"]
[SourceQuality "1"]

{[%evp 14,113,16,11,47,41,43,39,51,47,52,12,46,25,85,82,90,89,81,89,86,81,88,82,86,88,93,47,55,38,39,38,44,43,66,73,66,65,65,65,65,72,77,62,75,68,78,61,69,63,86,72,108,116,130,128,144,143,200,213,229,225,314,285,309,260,309,210,283,248,583,576,564,533,562,455,916,890,664,889,758,711,1537,1471,2458,2381,1903,1543,802,592,4622,4618,29981,29982,29984,29985,29985,29986,29986,29987,29987,29988]} 1. d4 d5 2. c4 e6 3. Nc3 Bb4 4. a3 Bxc3+ 5. bxc3 c6 6. e3 Nf6 7. Nf3 O-O 8. a4 {LiveBook: 17 Games. E51: Nimzo-Indian: Rubinstein: 4...0-0 5 Nf3 d5} Nbd7 (8... b6 9. cxd5 cxd5 10. Ba3 Re8 11. Bb5 Bd7 12. Be2 Qc7 13. Rc1 Qc6 14. a5 b5 15. Ne5 Qc7 {1-0 (60) Korobov,A (2664)-Brkic,A (2590) Batumi 2018}) 9. cxd5 cxd5 $146 ({Predecessor:} 9... exd5 10. Bd3 {1-0 (10) Wilkes,A-Baxter,D ICCF email 2013}) 10. c4 {White is slightly better.} Qc7 11. Qb3 e5 12. Ba3 Re8 13. Rc1 (13. Be2 {looks sharper.} dxc4 14. Qxc4 Qxc4 15. Bxc4 exd4 16. Nxd4 Ne5 17. Be2) 13... Qb6 (13... exd4 $11 {keeps the balance.} 14. Nxd4 Qb6) 14. Qxb6 $16 axb6 15. dxe5 Nxe5 16. Nxe5 Rxe5 {[#]} 17. Bb2 $1 {[%cal Rb2e5]} Re8 18. Bxf6 gxf6 19. cxd5 Bd7 20. Bd3 Ra5 21. Bb5 (21. Bc4 {with more complications.} Bxa4 22. Kd2 Rd8 23. Kc3 Bb5 24. Bb3) 21... Bxb5 22. axb5 Rxb5 $14 {[%mdl 4096] Endgame KRR-KRR} 23. Rd1 Rd8 24. d6 Rc5 25. Ke2 Rc6 26. d7 Rc7 27. Rd6 Rdxd7 28. Rxf6 Rc2+ 29. Kf3 Rdd2 30. Kg3 Kg7 31. Rf4 Rc6 32. Rb1 Rdd6 33. h4 Rg6+ 34. Kf3 Rgf6 35. g4 Rxf4+ (35... Rfe6 $16 {was worth a try.} 36. Rfb4 Kf8) 36. Kxf4 $16 {KR-KR} h6 37. e4 Kf6 38. f3 Kg7 39. Rb5 Kf6 40. Rb2 Kg7 41. g5 hxg5+ $2 {[#]} (41... f6 {is more resistant.} 42. gxh6+ Kxh6) 42. hxg5 $18 Kf8 43. e5 Kg7 44. Kf5 Rc3 (44... Kg8 $142 45. f4 Kf8) 45. f4 {[%cal Bf3f4,Bf4f5][%mdl 32]} Rc6 46. Rb4 Kf8 47. Ke4 Kg7 48. f5 Rc1 49. Rxb6 Re1+ 50. Kd5 Rd1+ 51. Kc5 Rg1 52. g6 Rg5 53. Rf6 {White mates.} fxg6 54. Rxg6+ Rxg6 55. fxg6 Kxg6 56. e6 b5 57. Kd6 {Precision: White = 78%, Black = 33%.} 1-0

[Event "ZMDI Open 2018"]
[Site "Dresden"]
[Date "2018.08.09"]
[Round "6.6"]
[White "Vorobiov, Evgeny E"]
[Black "Pajeken, Jakob Leon"]
[Result "1-0"]
[WhiteElo "2558"]
[BlackElo "2379"]
[Annotator "TA"]
[PlyCount "103"]
[EventDate "2018.08.04"]
[EventType "swiss"]
[EventCountry "GER"]
[SourceTitle "playchess.com"]
[Source "ChessBase"]
[SourceQuality "1"]

{[%evp 11,103,-10,-10,-12,39,37,27,-52,45,-96,-55,-52,-57,-58,-50,-56,-60,-58,-71,-68,22,16,43,0,0,2,0,0,0,0,0,-6,0,0,0,0,0,-26,0,0,18,17,21,22,18,8,8,0,21,0,8,8,8,8,8,8,8,8,8,8,8,8,8,8,8,8,8,8,8,8,8,8,8,8,8,8,8,8,8,8,8,8,2514,70,29967,29966,29977,29978,29981,29982,29982,29983,29983,29984]} 1. c4 e6 2. d4 Nf6 3. Nc3 d5 4. Bg5 dxc4 5. e4 c5 6. d5 {D50: Queen's Gambit Declined: Dutch-Peruvian Gambit} Be7 {LiveBook: 8 Games} 7. Nf3 Nxd5 ({Better is} 7... exd5 $11 8. exd5 O-O) 8. Bxe7 $146 {White is slightly better.} (8. Bxc4 Nxc3 9. Qxd8+ Kxd8 $17) ({Predecessor:} 8. Nxd5 exd5 9. Qxd5 Nc6 10. Qxd8+ Bxd8 11. Bxc4 Bxg5 12. Nxg5 Ne5 13. Bb5+ {0-1 (31) Eisenbeis,N (2230)-Kallai,G (2500) Baden 1997}) 8... Nxe7 9. Qxd8+ (9. Bxc4 O-O $15) 9... Kxd8 10. Nb5 (10. Ng5 $1 $14 {stays ahead.} Kc7 11. Nb5+ (11. Bxc4 f6 $11) (11. Nxf7 Rf8 $14) 11... Kb6 12. Nxf7 (12. Bxc4 f6 $11)) 10... f6 11. O-O-O+ Bd7 12. e5 a6 13. Nd6 Kc7 14. exf6 gxf6 15. Ne4 Rf8 (15... Bc6 $15 16. Nxf6 Bd5) 16. Nxc5 $11 b6 17. Rxd7+ (17. Nxd7 {with more complications.} Nxd7 18. Bxc4 e5 19. Rhe1 Nc6 20. Re4) 17... Nxd7 18. Nxe6+ Kb7 19. Nxf8 Rxf8 20. g3 b5 21. Bg2 Kc7 22. Nd4 Nc5 23. Kc2 Rd8 24. Rd1 Rd6 {Threatens to win with ...Nd3.} 25. b3 Nd3 26. bxc4 Rxd4 27. Rxd3 Rxc4+ {[%mdl 4096] Endgame KRB-KRN} 28. Kb2 Rb4+ 29. Kc2 Rc4+ 30. Kb2 (30. Kb3 {keeps more tension.} a5 31. Rf3 Rb4+ 32. Kc2 Rc4+ 33. Kb2) 30... Rb4+ 31. Rb3 Rxb3+ 32. Kxb3 {KB-KN} Kb6 33. Be4 h6 34. g4 Kc5 35. h4 Kd4 36. Bb7 {aiming for Kb4.} a5 37. f4 Ng6 38. g5 hxg5 39. fxg5 {And now h5 would win.} Nxh4 40. gxf6 {Hoping for Bc6.} Ng6 41. f7 Nf8 42. Bc6 Kc5 43. Be8 Kb6 44. Kc2 Kc5 45. Kc3 Nh7 46. Kd3 Kb4 $2 {[%mdl 8192]} (46... Kd6 $11) 47. Ke4 $2 ({Only move:} 47. Kd4 $18 Ka3 48. Bxb5 Kxa2 49. Bd3) 47... Ng5+ $2 {[%mdl 8192]} (47... Kc5 $14 48. Ke5 b4) 48. Kd5 $1 {White mates.} Nxf7 49. Bxf7 Ka3 50. Kc5 b4 {[#]} 51. Bb3 $1 a4 {[#]} 52. Kc4 $1 {Precision: White = 72%, Black = 50%.} 1-0

[Event "ZMDI Open 2018"]
[Site "Dresden"]
[Date "2018.08.10"]
[Round "7.1"]
[White "Heimann, Andreas"]
[Black "Popovic, Dusan"]
[Result "*"]
[WhiteElo "2590"]
[BlackElo "2518"]
[Annotator "TA"]
[PlyCount "50"]
[EventDate "2018.08.04"]
[EventType "swiss"]
[EventCountry "GER"]
[SourceTitle "playchess.com"]
[Source "ChessBase"]
[SourceQuality "1"]

{[%evp 21,23,43,53,59]} 1. d4 g6 2. c4 Bg7 3. Nc3 d6 4. Nf3 Nd7 5. e4 e5 6. Be2 Ngf6 7. O-O O-O 8. Re1 Re8 9. Bf1 exd4 10. Nxd4 Nc5 11. f3 c6 {LiveBook: 30 Games} 12. Be3 {E95: King's Indian: Classical: 7...Nbd7 8 Re1} {Predecessor:} a5 $146 13. Qd2 a4 14. Rab1 Nfd7 15. b4 axb3 16. axb3 Ne5 17. Red1 Qe7 18. Kh1 f5 19. Bg5 Qf7 20. exf5 Bxf5 21. Nxf5 Qxf5 22. b4 Ne6 23. Ne4 Nxg5 24. Qxg5 Qxg5 25. Nxg5 Rad8 {½-½ (25) Gyimesi,Z (2613)-Miroshnichenko,E (2617) Germany 2004} *

[Event "ZMDI Open 2018"]
[Site "Dresden"]
[Date "2018.08.10"]
[Round "7.2"]
[White "Vaibhav, Suri"]
[Black "Gajek, Radoslaw"]
[Result "*"]
[WhiteElo "2561"]
[BlackElo "2444"]
[Annotator "TA"]
[PlyCount "34"]
[EventDate "2018.08.04"]
[EventType "swiss"]
[EventCountry "GER"]
[SourceTitle "playchess.com"]
[Source "ChessBase"]
[SourceQuality "1"]

{[%evp 21,34,22,22,22,27,22,22,25,22,20,17,22,18,25,26]} 1. d4 Nf6 2. c4 e6 3. Nc3 Bb4 4. Qc2 O-O 5. a3 Bxc3+ 6. Qxc3 d5 7. Bg5 dxc4 {E36: Nimzo-Indian: Classical: 4...d5 5 a3} 8. Qxc4 b6 9. Rc1 Ba6 10. Qa4 Qd7 11. Qxd7 Nbxd7 {LiveBook: 4 Games} 12. Bxf6 Nxf6 13. e3 Bxf1 14. Kxf1 c5 15. dxc5 bxc5 {[#]} 16. Nf3 $146 Rab8 17. Rc2 Rb5 *

[Event "ZMDI Open 2018"]
[Site "Dresden"]
[Date "2018.08.10"]
[Round "7.3"]
[White "Li, Di"]
[Black "Khenkin, Igor"]
[Result "*"]
[WhiteElo "2441"]
[BlackElo "2566"]
[Annotator "TA"]
[PlyCount "121"]
[EventDate "2018.08.04"]
[EventType "swiss"]
[EventCountry "GER"]
[SourceTitle "playchess.com"]
[Source "ChessBase"]
[SourceQuality "1"]

{[%evp 29,121,42,37,17,65,43,43,51,48,41,58,53,64,66,72,55,76,59,83,77,103,96,114,129,104,108,377,379,378,370,362,359,471,426,381,281,251,213,1287,1283,1255,1241,1217,1216,1168,1173,1026,294,288,288,287,271,261,269,282,281,319,325,320,311,302,324,283,264,271,257,277,273,277,257,277,264,315,322,351,343,360,362,463,277,277,277,300,273,651,623,29985,29986,29994,542,361,-41,263,-29986]} 1. d4 Nf6 2. c4 e6 3. g3 c5 4. d5 exd5 5. cxd5 d6 6. Nc3 g6 7. Bg2 Bg7 8. Nf3 O-O 9. O-O Re8 10. Re1 a6 11. a4 Nbd7 12. Bf4 {A63: Benoni (mit 7.g3)} (12. h3 Rb8 13. Bf4 Qc7 14. a5 b5 15. axb6 Nxb6 16. Rc1 Ne4 17. Nxe4 Rxe4 18. b3 a5 19. Nd2 Rd4 20. e4 Ba6 21. Be3 Rb4 {0-1 (38) Xiong,J (2652)-Vachier Lagrave,M (2795) chess.com INT 2017}) 12... Qc7 13. e4 Ng4 14. Nd2 Nge5 15. Bf1 Rb8 {LiveBook: 5 Partien} 16. Be3 Nf8 17. h3 f5 18. f4 Nf7 19. Bf2 fxe4 20. Ncxe4 Bd7 $146 21. Qc2 b5 22. axb5 axb5 23. b4 {[%cal Rb4c5]} c4 24. Ra7 Qc8 25. Nf3 {Droht Ld4 und aus.} Ra8 26. Rxa8 Qxa8 27. Bd4 {[#] Droht stark Lxg7.} Qa3 $2 {[%mdl 8192]} (27... Bf5 $16 28. Bxg7 Bxe4 29. Rxe4 Rxe4 30. Qxe4 Kxg7) 28. Bxg7 $18 Kxg7 29. Qf2 Rxe4 30. Rxe4 Qxb4 31. Qd4+ Kg8 32. Re7 Qc5 33. Kh2 {zielt auf Df6 ab.} h6 $2 (33... Qxd4 34. Nxd4 Kg7) 34. Qf6 Qxd5 35. Nd4 {jetzt Lg2 und aus.} c3 36. Bg2 Qa2 37. f5 gxf5 {[#]} 38. Nxf5 $2 (38. Nc2 $1 {[%mdl 512] Und Sb4 würde nun gewinnen.} f4 (38... Qxc2 39. Qxf7+) 39. Nb4) 38... Bxf5 39. Qxf5 Kg7 40. Qd5 Qf2 {Jetzt ...c2 und Schwarz darf weiter klammern.} 41. Qxb5 Ng6 42. Rc7 Nge5 {( -> ...Sf3+)} 43. Rxc3 h5 44. Qf1 Qd4 45. Rc7 h4 46. Qf4 hxg3+ 47. Qxg3+ Kf6 48. Rc2 ({Schwächer ist} 48. h4 Ng4+ 49. Kh3 Nf2+ 50. Kh2 Ng4+ 51. Kh3 Nf2+ 52. Kh2 Ng4+ $11) 48... Ke7 49. Rf2 Nd3 50. Rf3 Nde5 51. Rf4 Qd2 52. Qh4+ Ke8 53. Qf6 Kd7 54. Qf5+ (54. Ra4 $142 {Beabsichtigt Ta7+ und Matt.} Qe3 55. Ra1) 54... Ke7 55. Rf2 Qh6 56. Bd5 {[%cal Rd5f7]} Ng5 $2 (56... Nd8 57. Ra2 Qg6) 57. Ra2 Ngf7 58. Bxf7 Z0 59. Be8 (59. Ra7+ $142 Kd8 60. Ra8+ Kc7 61. Qc8+ Kb6 62. Ra6+ Kb5 63. Qb7+ Kc5 64. Qb6#) 59... Kxe8 60. Ra1 $2 (60. Kg2 $18) 60... Z0 $2 {[%mdl 8192]} (60... Qd2+ $15 {behält die Oberhand.} 61. Kg3 (61. Kh1 $2 Qd5+ 62. Kh2 Nf3+ 63. Kg3 Qxf5 $19) 61... Qc3+ 62. Kf4 Qd4+ 63. Kg5 Qxa1 64. Qe6+ Kd8 65. Qxd6+ Nd7) 61. Qf7+ $4 {[%mdl 8192] Precision: Weiß = 60%, Schwarz = 36%.} (61. Ra8+ $18 Ke7 62. Rg8) *

[Event "ZMDI Open 2018"]
[Site "Dresden"]
[Date "2018.08.10"]
[Round "7.4"]
[White "Kovchan, Alexander"]
[Black "Vorobiov, Evgeny E"]
[Result "*"]
[WhiteElo "2566"]
[BlackElo "2558"]
[Annotator "RC"]
[PlyCount "116"]
[EventDate "2018.08.04"]
[EventType "swiss"]
[EventCountry "GER"]
[SourceTitle "playchess.com"]
[Source "ChessBase"]
[SourceQuality "1"]
[TimeControl "40/5400+30:1800+30"]

1. e4 {[%emt 1:30:23]} c5 {[%emt 1:30:25]} 2. Nf3 {[%emt 1:30:46]} d6 {[%emt 1:30:53]} 3. d4 {[%emt 1:31:03]} cxd4 {[%emt 1:31:20]} 4. Nxd4 {[%emt 1:31:25]} Nf6 {[%emt 1:31:47]} 5. Nc3 {[%emt 1:31:48]} Nc6 {[%emt 1:32:13]} 6. Bg5 {[%emt 1:32:10]} e6 {[%emt 1:31:56]} 7. Qd2 {[%emt 1:31:54]} a6 {[%emt 1:32:17]} 8. O-O-O {[%emt 1:32:08]} Be7 {[%emt 1:32:03]} 9. Bxf6 {[%emt 1:32:24]} gxf6 {[%emt 1:31:00]} 10. f4 {[%emt 1:32:30]} Nxd4 {[%emt 1:22:02]} 11. Qxd4 {[%emt 1:32:48]} b5 {[%emt 1:22:26]} 12. f5 {[%emt 1:31:16]} Qc7 {[%emt 1:21:01]} 13. Be2 {[%emt 1:31:32]} h5 {[%emt 1:07:55]} 14. Bf3 {[%emt 1:31:21]} Rb8 {[%emt 1:06:08]} 15. Ne2 {[%emt 1:30:53]} e5 {[%emt 1:00:08]} 16. Qd3 {[%emt 1:30:24]} b4 {[%emt 0:59:36]} 17. h4 {[%emt 1:30:43]} a5 {[%emt 0:55:37]} 18. Ng3 {[%emt 1:28:59]} a4 {[%emt 0:53:30]} 19. Kb1 {[%emt 1:18:02]} a3 {[%emt 0:44:11]} 20. b3 {[%emt 1:02:26]} Qc6 {[%emt 0:33:07]} 21. Nxh5 {[%emt 0:44:36]} Ba6 {[%emt 0:33:14]} 22. Qd2 {[%emt 0:44:30]} Rc8 {[%emt 0:33:04]} 23. Rh3 {[%emt 0:39:33]} Qc3 {[%emt 0:28:38]} 24. Qc1 {[%emt 0:35:49]} Rg8 {[%emt 0:17:45]} 25. Rd5 {[%emt 0:21:49]} Rc5 {[%emt 0:12:59]} 26. Rd2 {[%emt 0:17:21]} Rc6 {[%emt 0:11:13]} 27. g4 {[%emt 0:13:59]} Qe3 {[%emt 0:07:25]} 28. Rg3 {[%emt 0:11:22]} Rc3 {[%emt 0:05:46]} 29. Qd1 {[%emt 0:08:25]} Qc5 {[%emt 0:02:32]} 30. g5 {[%emt 0:07:43]} fxg5 {[%emt 0:02:06]} 31. f6 {[%emt 0:07:50]} Bf8 {[%emt 0:01:05]} 32. hxg5 {[%emt 0:06:53]} Kd7 {[%emt 0:00:56]} 33. Qe1 {[%emt 0:03:21]} Kc7 {[%emt 0:00:37]} 34. Rd5 {[%emt 0:01:11]} Qe3 {[%emt 0:00:42]} 35. Qxe3 {[%emt 0:01:09]} Rxe3 {[%emt 0:01:08]} 36. Kc1 {[%emt 0:01:30]} Re1+ {[%emt 0:00:05]} 37. Rd1 {[%emt 0:01:48]} Re3 {[%emt 0:00:05]} 38. Kd2 {[%emt 0:02:00]} Rc3 {[%emt 0:00:27]} 39. Rdg1 {[%emt 0:01:52]} Bb7 {[%emt 0:00:14]} 40. Kd1 {[%emt 0:00:20]} d5 {[%emt 0:00:04]} 41. Be2 {[%emt 0:25:01]} Bc5 {[%emt 0:20:31]} 42. Rxc3 {[%emt 0:24:05]} bxc3 {[%emt 0:20:57]} 43. Rg3 {[%emt 0:24:25]} d4 {[%emt 0:18:36]} 44. Bd3 {[%emt 0:12:05]} Rh8 {[%emt 0:16:09]} 45. Rh3 {[%emt 0:12:26]} Bc8 {[%emt 0:13:59]} 46. Rh4 {[%emt 0:05:48]} Be6 {[%emt 0:11:29]} 47. Rh1 {[%emt 0:03:04]} Bf8 {[%emt 0:11:09]} 48. Bc4 {[%emt 0:02:14]} Bxc4 {[%emt 0:07:35]} 49. bxc4 {[%emt 0:02:43]} Rg8 {[%emt 0:07:51]} 50. Rg1 {[%emt 0:01:05]} Bh6 {[%emt 0:05:34]} 51. Ke2 {[%emt 0:01:28]} Rxg5 {[%emt 0:05:28]} 52. Rxg5 {[%emt 0:01:52]} Bxg5 {[%emt 0:05:54]} 53. Kd3 {[%emt 0:01:50]} Kc6 {[%emt 0:05:52]} 54. Ke2 {[%emt 0:01:50]} Kc5 {[%emt 0:04:45]} 55. Kd3 {[%emt 0:02:18]} Bh4 {[%emt 0:04:32]} 56. Ng7 {[%emt 0:02:32]} Bxf6 {[%emt 0:04:56]} 57. Nf5 {[%emt 0:02:55]} Bg5 {[%emt 0:04:50]} 58. Ng3 {[%emt 0:03:16]} Bh4 {[%emt 0:03:29]} *

[Event "ZMDI Open 2018"]
[Site "Dresden"]
[Date "2018.08.10"]
[Round "7.5"]
[White "Li, Chao b"]
[Black "Dann, Matthias"]
[Result "1/2-1/2"]
[WhiteElo "2714"]
[BlackElo "2534"]
[Annotator "TA"]
[PlyCount "81"]
[EventDate "2018.08.04"]
[EventType "swiss"]
[EventCountry "GER"]
[SourceTitle "playchess.com"]
[Source "ChessBase"]
[SourceQuality "1"]

{[%evp 24,81,32,18,38,0,8,0,7,-31,36,33,21,16,25,25,49,56,60,65,65,50,50,28,39,39,38,-35,49,22,43,39,41,0,0,0,0,0,0,0,0,0,0,0,0,0,0,0,0,0,0,-40,-43,-227,0,0,0,-221,0,0]} 1. d4 Nf6 2. c4 g6 3. Nc3 Bg7 4. e4 d6 5. h3 O-O 6. Nf3 e5 7. d5 a5 8. Be3 Na6 9. g4 Nd7 {E90: King's Indian: Classical: Early deviations and 6 h3} 10. a3 Nb6 11. Rg1 Bd7 12. h4 Nc5 13. a4 {[#] LiveBook: 4 Games} Kh8 $146 ({Predecessor:} 13... c6 14. h5 Rc8 15. Nd2 Qe8 16. b3 Na8 17. Rc1 {0-1 (44) Peralta,F (2588)-Shyam,S (2526) Barcelona 2016}) 14. h5 gxh5 $1 15. gxh5 f5 16. Qc2 (16. h6 $5 {[%cal Rh6g7]} Bf6 17. Bxc5 dxc5 18. Bd3 $11) 16... Qe8 (16... Qf6 $1 $15) 17. h6 Bf6 {[%cal Rb6a4]} 18. Bxc5 dxc5 19. Be2 Qh5 20. O-O-O Qxh6+ 21. Kb1 Qf4 22. Rh1 Rf7 23. Rh5 Rg8 24. d6 fxe4 25. Nd2 (25. Ng1 $14) 25... Bf5 ({Better is} 25... cxd6 $15 26. Ndxe4 Be7 27. Nxd6 Bxd6 28. Rxd6 Nxc4) 26. Ndxe4 $14 Bg6 27. dxc7 Rxc7 ({Don't play} 27... Bxh5 $6 28. Bxh5 Rxc7 29. Rd6 $16) 28. Rh3 {[#] Threatens to win with Rf3.} Nxa4 $1 {[%mdl 512]} 29. Qxa4 {Hoping for Bd3.} Bxe4+ 30. Nxe4 Qxe4+ 31. Bd3 $1 {[%cal Rd3e4]} Qg2 32. Qxa5 Rf7 33. Rdh1 {[%cal Rh3h7]} e4 34. R3h2 Qf3 $36 {[%mdl 2048] Black has some pressure.} 35. Bc2 Be5 36. Rh5 {[#] aiming for Qe1.} Bd4 37. Qb6 (37. R5h4 $5 {[%cal Rc2e4]} Qxf2 38. Rxe4 $15) 37... Rfg7 {...Rg1+ is the strong threat.} 38. R5h4 $2 (38. R5h2 $15) 38... Bf6 $2 ({And not} 38... Bxf2 39. Bxe4 Rg1+ 40. Rxg1 $11) (38... Rg1+ $19 39. Rxg1 Rxg1+ 40. Ka2 Qxf2) 39. Rh6 $2 (39. Bxe4 $11 {and White has nothing to worry.} Rg1+ 40. Rxg1 Rxg1+ 41. Ka2 Ra1+ 42. Kxa1 Qd1+ 43. Bb1 Qa4+ 44. Ba2 Qd1+ 45. Bb1 Qa4+ 46. Ba2 Bxh4 47. Qd6) 39... Bd4 $19 40. R6h4 Bf6 $2 ({Stronger than} 40... Bxf2 41. Bxe4 Rg1+ 42. Rxg1 $11) ({Black should try} 40... Rg1+ $19 41. Rxg1 Rxg1+ 42. Ka2 Qxf2) 41. Bxe4 {Precision: White = 64%, Black = 52%.} 1/2-1/2

[Event "ZMDI Open 2018"]
[Site "Dresden"]
[Date "2018.08.10"]
[Round "7.5"]
[White "Li, Chao b"]
[Black "Dann, Matthias"]
[Result "*"]
[WhiteElo "2714"]
[BlackElo "2534"]
[Annotator "TA"]
[PlyCount "33"]
[EventDate "2018.08.04"]
[EventType "swiss"]
[EventCountry "GER"]
[SourceTitle "playchess.com"]
[Source "ChessBase"]
[SourceQuality "1"]

{[%evp 22,24,36,31,41]} 1. d4 Nf6 2. c4 g6 3. Nc3 Bg7 4. e4 d6 5. h3 O-O 6. Nf3 e5 7. d5 a5 8. Be3 Na6 9. g4 Nd7 {E90: King's Indian: Classical: Early deviations and 6 h3} 10. a3 Nb6 11. Rg1 Bd7 12. h4 {LiveBook: 13 Games} Nc5 {Predecessor:} 13. b3 $146 Kh8 14. a4 c6 15. dxc6 Bxc6 16. Bd3 Nbd7 17. Bc2 {½-½ (40) Tomashevsky,E (2696)-Saric,I (2618) Minsk 2017} *

[Event "ZMDI Open 2018"]
[Site "Dresden"]
[Date "2018.08.10"]
[Round "7.6"]
[White "Romanov, Evgeny"]
[Black "Parvanyan, Ashot"]
[Result "*"]
[WhiteElo "2628"]
[BlackElo "2430"]
[Annotator "RC"]
[PlyCount "181"]
[EventDate "2018.08.04"]
[EventType "swiss"]
[EventCountry "GER"]
[SourceTitle "playchess.com"]
[Source "ChessBase"]
[SourceQuality "1"]
[TimeControl "40/5400+30:1800+30"]

1. c4 {[%emt 1:26:30]} Nf6 {[%emt 1:29:44]} 2. Nc3 {[%emt 1:26:51]} g6 {[%emt 1:29:55]} 3. d4 {[%emt 1:27:02]} Bg7 {[%emt 1:30:18]} 4. e4 {[%emt 1:27:25]} d6 {[%emt 1:30:43]} 5. Be2 {[%emt 1:27:44]} O-O {[%emt 1:31:06]} 6. Be3 {[%emt 1:28:09]} c5 {[%emt 1:27:36]} 7. d5 {[%emt 1:28:21]} e6 {[%emt 1:27:50]} 8. Nf3 {[%emt 1:28:35]} exd5 {[%emt 1:27:53]} 9. cxd5 {[%emt 1:28:49]} Bg4 {[%emt 1:26:21]} 10. Nd2 {[%emt 1:29:06]} Bxe2 {[%emt 1:26:42]} 11. Qxe2 {[%emt 1:29:31]} Na6 {[%emt 1:25:07]} 12. O-O {[%emt 1:29:15]} Nc7 {[%emt 1:24:19]} 13. Bg5 {[%emt 1:09:05]} Qd7 {[%emt 1:19:04]} 14. h3 {[%emt 0:46:07]} h6 {[%emt 1:15:23]} 15. Bh4 {[%emt 0:44:52]} b5 {[%emt 1:13:28]} 16. Rae1 {[%emt 0:44:20]} Rfe8 {[%emt 1:10:42]} 17. Qf3 {[%emt 0:41:40]} Nh7 {[%emt 1:04:24]} 18. Bg3 {[%emt 0:42:00]} Rab8 {[%emt 0:43:24]} 19. b3 {[%emt 0:39:26]} Na6 {[%emt 0:38:51]} 20. Rc1 {[%emt 0:31:46]} Ng5 {[%emt 0:23:00]} 21. Qf4 {[%emt 0:27:48]} Rbd8 {[%emt 0:14:29]} 22. Bh4 {[%emt 0:15:44]} Nb4 {[%emt 0:12:28]} 23. Qg3 {[%emt 0:16:05]} Rc8 {[%emt 0:03:38]} 24. f4 {[%emt 0:15:00]} Nh7 {[%emt 0:03:08]} 25. a3 {[%emt 0:15:09]} Na6 {[%emt 0:03:22]} 26. Qd3 {[%emt 0:15:12]} c4 {[%emt 0:01:50]} 27. bxc4 {[%emt 0:12:53]} Nc5 {[%emt 0:00:58]} 28. Qf3 {[%emt 0:13:02]} bxc4 {[%emt 0:01:18]} 29. Ncb1 {[%emt 0:09:43]} Nf6 {[%emt 0:00:03]} 30. Rxc4 {[%emt 0:09:16]} Qb5 {[%emt 0:00:03]} 31. Bxf6 {[%emt 0:06:32]} Bxf6 {[%emt 0:00:28]} 32. e5 {[%emt 0:06:57]} Bg7 {[%emt 0:00:33]} 33. Nc3 {[%emt 0:06:20]} Qb7 {[%emt 0:00:02]} 34. Nde4 {[%emt 0:01:54]} Nxe4 {[%emt 0:00:06]} 35. Rxc8 {[%emt 0:02:23]} Rxc8 {[%emt 0:00:04]} 36. Nxe4 {[%emt 0:02:47]} dxe5 {[%emt 0:00:13]} 37. f5 {[%emt 0:03:12]} Kh8 {[%emt 0:00:04]} 38. fxg6 {[%emt 0:01:22]} fxg6 {[%emt 0:00:31]} 39. Qg4 {[%emt 0:01:37]} Rc4 {[%emt 0:00:01]} 40. Qxg6 {[%emt 0:00:29]} Qb6+ {[%emt 0:00:06]} 41. Qxb6 {[%emt 0:00:49]} axb6 {[%emt 0:00:32]} 42. Nd6 {[%emt 0:28:25]} Rd4 {[%emt 0:22:22]} 43. Rf7 {[%emt 0:22:57]} Rd1+ {[%emt 0:17:01]} 44. Kf2 {[%emt 0:22:17]} Kg8 {[%emt 0:10:01]} 45. Rb7 {[%emt 0:21:42]} Rxd5 {[%emt 0:09:51]} 46. Rxb6 {[%emt 0:17:28]} Rd2+ {[%emt 0:09:19]} 47. Kf3 {[%emt 0:17:36]} Rd3+ {[%emt 0:08:50]} 48. Kg4 {[%emt 0:16:37]} Rxa3 {[%emt 0:05:24]} 49. Nf5 {[%emt 0:16:28]} Ra7 {[%emt 0:02:29]} 50. Nxh6+ {[%emt 0:12:03]} Bxh6 {[%emt 0:02:11]} 51. Rxh6 {[%emt 0:12:30]} Ra2 {[%emt 0:00:17]} 52. g3 {[%emt 0:11:20]} Kg7 {[%emt 0:00:14]} 53. Re6 {[%emt 0:10:59]} Re2 {[%emt 0:00:38]} 54. Kf5 {[%emt 0:08:38]} Rf2+ {[%emt 0:00:07]} 55. Kg4 {[%emt 0:08:07]} Re2 {[%emt 0:00:28]} 56. h4 {[%emt 0:08:10]} Kf7 {[%emt 0:00:54]} 57. Ra6 {[%emt 0:08:26]} Re3 {[%emt 0:00:47]} 58. h5 {[%emt 0:07:36]} Rb3 {[%emt 0:00:11]} 59. Ra7+ {[%emt 0:06:00]} Kf6 {[%emt 0:00:23]} 60. Ra6+ {[%emt 0:05:09]} Kf7 {[%emt 0:00:22]} 61. Rg6 {[%emt 0:02:00]} e4 {[%emt 0:00:01]} 62. Kf4 {[%emt 0:02:18]} e3 {[%emt 0:00:03]} 63. Kf3 {[%emt 0:02:45]} Ra3 {[%emt 0:00:02]} 64. g4 {[%emt 0:02:27]} Rb3 {[%emt 0:00:08]} 65. Ke2 {[%emt 0:01:51]} Ra3 {[%emt 0:00:29]} 66. Rg5 {[%emt 0:02:11]} Kf6 {[%emt 0:00:09]} 67. Rf5+ {[%emt 0:02:26]} Kg7 {[%emt 0:00:24]} 68. Re5 {[%emt 0:02:34]} Kf6 {[%emt 0:00:05]} 69. Rxe3 {[%emt 0:01:36]} Ra5 {[%emt 0:00:02]} 70. Re8 {[%emt 0:02:00]} Ra3 {[%emt 0:00:03]} 71. Kf2 {[%emt 0:01:35]} Kg5 {[%emt 0:00:06]} 72. Rg8+ {[%emt 0:01:55]} Kh6 {[%emt 0:00:09]} 73. Rg6+ {[%emt 0:02:17]} Kh7 {[%emt 0:00:28]} 74. Rf6 {[%emt 0:02:34]} Kg7 {[%emt 0:00:27]} 75. Rf3 {[%emt 0:02:55]} Ra1 {[%emt 0:00:06]} 76. Kg3 {[%emt 0:03:13]} Rg1+ {[%emt 0:00:10]} 77. Kh4 {[%emt 0:03:30]} Ra1 {[%emt 0:00:29]} 78. Kg5 {[%emt 0:03:49]} Ra5+ {[%emt 0:00:24]} 79. Rf5 {[%emt 0:04:12]} Ra7 {[%emt 0:00:20]} 80. h6+ {[%emt 0:03:57]} Kg8 {[%emt 0:00:10]} 81. Kh5 {[%emt 0:03:33]} Ra1 {[%emt 0:00:04]} 82. Kg6 {[%emt 0:03:22]} Ra8 {[%emt 0:00:03]} 83. g5 {[%emt 0:03:26]} Kh8 {[%emt 0:00:20]} 84. Kh5 {[%emt 0:02:53]} Kg8 {[%emt 0:00:50]} 85. g6 {[%emt 0:02:54]} Ra7 {[%emt 0:00:34]} 86. Rd5 {[%emt 0:02:11]} Ra8 {[%emt 0:00:33]} 87. h7+ {[%emt 0:02:23]} Kg7 {[%emt 0:00:54]} 88. Rd7+ {[%emt 0:02:46]} Kf6 {[%emt 0:01:13]} 89. Rf7+ {[%emt 0:03:05]} Ke6 {[%emt 0:01:39]} 90. Rf1 {[%emt 0:03:19]} Ke7 {[%emt 0:01:42]} 91. Kh6 {[%emt 0:03:39]} *